[Event "ENG Clubs"]
[Site "Hull"]
[Date "2023.10.20"]
[Round "1.6"]
[White "Magzumov, Damirali"]
[Black "Larchikov, Maksym"]
[Result "1/2-1/2"]
[WhiteElo "1539"]
[BlackElo "1845"]
[PlyCount "121"]
[EventDate "2023.10.20"]
[EventType "team-tourn"]
[EventRounds "5"]
[EventCountry "ENG"]
[SourceTitle "Mega2024 Update 01"]
[Source "Chessbase"]
[SourceDate "2023.11.12"]
[SourceVersion "1"]
[SourceVersionDate "2023.11.12"]
[SourceQuality "1"]
[WhiteTeam "Warwick Univ"]
[BlackTeam "Hull"]
[WhiteTeamCountry "ENG"]
[BlackTeamCountry "ENG"]

1. e4 c5 2. Nf3 d6 3. d4 cxd4 4. Nxd4 Nf6 5. Nc3 a6 6. Bg5 e6 7. f4 Be7 8. Qf3 Nbd7 9. 0-0-0 Qc7 10. g4 b5 11. Bxf6 Nxf6 12. g5 Nd7 13. f5 Bxg5+ 14. Kb1 Ne5 15. Qh5 Bf6 16. fxe6 0-0 17. Nd5 Qd8 18. Bh3 g6 19. Qe2 Ra7 20. Rhf1 Bh4 21. Qe3 Rb7 22. Rg1 Kh8 23. Qc3 fxe6 24. Nc6 Qe8 25. Nxe5 dxe5 26. Qxe5+ Kg8 27. Nc7 Qf7 28. Rgf1 Bf6 29. Qxe6 Bxe6 30. Bxe6 Rxc7 31. Rxf6 Qxe6 32. Rxe6 Rf2 33. c3 b4 34. Rd3 bxc3 35. Rxc3 Rxc3 36. bxc3 Rxh2 37. c4 Re2 38. c5 Kf7 39. Rxa6 Rxe4 40. Kb2 h5 41. Kc3 h4 42. c6 Re8 43. Kd4 h3 44. Ra7+ Re7 45. c7 h2 46. c8Q h1Q 47. Qc4+ Kf8 48. Qc8+ Kf7 49. Qc4+ Kf8 50. Rxe7 Kxe7 51. Qc7+ Kf6 52. Qf4+ Kg7 53. a4 Qc6 54. Qe5+ Kf7 55. Qd5+ Qxd5+ 56. Kxd5 Ke7 57. Kc6 g5 58. a5 g4 59. a6 g3 60. a7 g2 61. a8Q 1/2-1/2

[Event "World ol U16"]
[Site "Corum"]
[Date "2019.10.31"]
[Round "4.17"]
[White "Magzumov, Damirali"]
[Black "Velkovski, Kristijan"]
[Result "1-0"]
[WhiteElo "1522"]
[BlackElo "1866"]
[PlyCount "75"]
[EventDate "2019.10.29"]
[EventType "team-swiss"]
[EventRounds "9"]
[EventCountry "TUR"]
[SourceTitle "CBM 192 Extra"]
[Source "Chessbase"]
[SourceDate "2019.11.06"]
[SourceVersion "1"]
[SourceVersionDate "2019.11.06"]
[SourceQuality "1"]
[WhiteTeam "Kazakhstan Karaganda"]
[BlackTeam "Macedonia"]
[WhiteTeamCountry "KAZ"]
[BlackTeamCountry "MKD"]

1. e4 e5 2. Nf3 Nc6 3. Bb5 a6 4. Ba4 Nf6 5. 0-0 b5 6. Bb3 Bc5 7. a4 Rb8 8. c3 d6 9. d4 Bb6 10. a5 Ba7 11. h3 0-0 12. Be3 Ra8 13. Nbd2 h6 14. Qc2 Re8 15. Rfd1 Qe7 16. Nf1 Bb7 17. d5 Nb8 18. Bxa7 Rxa7 19. Ng3 Bc8 20. Qd2 Ra8 21. Re1 Nh7 22. Rac1 Qf6 23. Re3 Nd7 24. Bd1 Ndf8 25. c4 bxc4 26. Rxc4 Re7 27. Qc1 Ra7 28. Rec3 Ng5 29. Rxc7 Raxc7 30. Rxc7 Rxc7 31. Qxc7 Bd7 32. Nxg5 Qxg5 33. Be2 Qd2 34. Qc3 Qxc3 35. bxc3 Bc8 36. Nf5 Bxf5 37. exf5 g6 38. Bxa6 1-0